Cultural and theological reflections on the Japanese quest for divinity /
In Cultural and Theological Reflections on the Japanese Quest for Divinity , John J. Keane offers an explanation of Japanese divinity ( kami 神) using sociology, anthropology, linguistics, literature and history. He presents an overview of how the Japanese have sought to love and serve their kami - a...
المؤلف الرئيسي:
التنسيق: كتاب الكتروني
اللغة: English
منشور في:
Leiden ; Boston :
Brill,
2017.
سلاسل:
Theology and Mission in World Christianity
4.
Religious Studies, Theology and Philosophy E-Books Online, Collection 2016, ISBN: 9789004303942.
الموضوعات:
الوصول للمادة أونلاين: Login to view Source
الوسوم: إضافة وسم
رقم الطلب: BL2211.G6
| LEADER | 03184nam a2200493 i 4500 | ||
|---|---|---|---|
| 001 | BRILL9789004322400 | ||
| 003 | nllekb | ||
| 005 | 20210602100427.0 | ||
| 006 | m d | ||
| 007 | cr un uuuua | ||
| 008 | 161114s2017 ne sb 001 0 eng d | ||
| 010 | |a 2016052601 | ||
| 020 | |a 9789004322400 |q (electronic book) | ||
| 020 | |z 9789004321229 |q (print) | ||
| 024 | 7 | |a 10.1163/9789004322400 |2 DOI | |
| 035 | |a 2016052601 |6 ORIG | ||
| 040 | |a NL-LeKB |c NL-LeKB |e rda | ||
| 043 | |a a-ja--- | ||
| 050 | 4 | |a BL2211.G6 | |
| 072 | 7 | |a HRAC |2 bicssc | |
| 072 | 7 | |a REL017000 |2 bisacsh | |
| 082 | 0 | 4 | |a 299.5/6 |2 23 |
| 100 | 1 | |a Keane, John J. |c (Franciscan Friar) | |
| 245 | 1 | 0 | |a Cultural and theological reflections on the Japanese quest for divinity / |c by John J. Keane. |
| 264 | 1 | |a Leiden ; |a Boston : |b Brill, |c 2017. | |
| 300 | |a 1 online resource. | ||
| 336 | |a text |b txt |2 rdacontent | ||
| 337 | |a computer |b c |2 rdamedia | ||
| 338 | |a online resource |2 rdacarrier | ||
| 490 | 0 | |a Theology and mission in world Christianity, |x 2452-2953 ; |v v. 4 | |
| 504 | |a Includes bibliographical references and index. | ||
| 505 | 0 | 0 | |a Preliminary Material -- Kami (神): The Japanese Word for Divinity -- Early History of Japanese Divinity -- Later Development of the Word Kami -- Twentieth Century Developments -- The Emperors of Japan -- Japanese Tea Ceremony -- Kami: A Key to Japanese Thought -- Implications for Interreligious Dialogue -- The Need for Dialogue -- Final Words? -- Appendix -- Bibliography -- Index. |
| 506 | |a Available to subscribing member institutions only. | ||
| 520 | |a In Cultural and Theological Reflections on the Japanese Quest for Divinity , John J. Keane offers an explanation of Japanese divinity ( kami 神) using sociology, anthropology, linguistics, literature and history. He presents an overview of how the Japanese have sought to love and serve their kami - a quest that rivals the interest that the West gives to God. The principles of interreligious dialogue are applied to the meaning of kami and a plea is made for a dialogue that respectfully accepts differences between the cultures and the theologies of Eastern and Western thought. Important cultural themes are discussed as a part of this quest, such as the emperors of Japan and the Japanese Tea Ceremony. The work also challenges the understanding of kami as highlighted by Akutagawa Ryunosuke and Endo Shusaku. | ||
| 588 | |a Description based on print version record and CIP data provided by publisher; resource not viewed. | ||
| 650 | 0 | |a Gods, Japanese. | |
| 651 | 0 | |a Japan |x Religion. | |
| 776 | 0 | 8 | |i Print version: |a Keane, John J. (Franciscan Friar), author. |t Cultural and theological reflections on the Japanese quest for divinity |d Leiden ; Boston : Brill, 2017 |z 9789004321229 |w (DLC) 2016047261 |
| 830 | 0 | |a Theology and Mission in World Christianity |v 4. | |
| 830 | 0 | |a Religious Studies, Theology and Philosophy E-Books Online, Collection 2016, ISBN: 9789004303942. | |
| 856 | 4 | |z DOI: |u http://dx.doi.org/10.1163/9789004322400 | |
| 942 | |c EBOOK | ||
| 952 | |0 0 |1 0 |4 0 |7 1 |9 14034 |a BRILL |b BRILL |d 2021-06-02 |l 0 |r 2021-06-02 00:00:00 |w 2021-06-02 |y EBOOK | ||
| 999 | |c 35485 |d 35485 | ||
